000 00608cam a22001934a 4500
005 20250605163607.0
008 250528s ||||||||||||||||||||||||d
035 _a22377
020 _a9789600108941
040 _aGR-AtMCL
_bgre
_dGR-AtMCL
_eAACR2
245 1 _aΕΙΣΑΓΩΓΗ ΣΤΗΝ ΨΥΧΟΛΟΓΙΑ ΤΟΜΟΣ Α: ΒΙΟΛΟΓΙΚΕΣ ΑΝΑΠΤΥΞΙΑΚΕΣ ΚΑΙ ΣΥΜΠΕΡΙΦΟΡΙΣΤΙΚΕΣ ΠΡΟΣΕΓΓΙΣΕΙΣ
250 _a1
260 _bGutenberg,
_c2001
300 _a317
700 1 _aΒοσνιαδου Στελλα
942 _cBK
999 _c7430
_d7430